000 00516nam a2200181Ia 4500
008 240925s9999 xx 000 0 und d
020 _a1590595742
082 _a004.62 SWE
100 _aSweeney , Daniel
245 0 _aWimax Operators Manual: building 802.16 wireless networks
250 _a2nd
260 _aNew York:
_bApress
_c,2006.
300 _axxx,513p.
_bNa
_fPhotocopy
500 _aIncludes Index
600 _aComputer Science
650 _aComputer science, information & general works
942 _cBK
999 _c9536
_d9536